[Event "57th World Juniors 2018"]
[Site "Manavgat TUR"]
[Date "2018.09.08"]
[Round "5.3"]
[White "Vavulin, Maksim"]
[Black "Donchenko, Alexander"]
[Result "1/2-1/2"]
[WhiteTitle "IM"]
[BlackTitle "GM"]
[WhiteElo "2559"]
[BlackElo "2614"]
[WhiteFideId "4169530"]
[BlackFideId "24603295"]
[EventDate "2018.09.05"]

1. e4 c5 2. Nf3 d6 3. Nc3 Nf6 4. e5 dxe5 5. Nxe5 a6 6. g3 Nbd7 7. d4 e6 8. Bg2
cxd4 9. Qxd4 Bc5 10. Qa4 O-O 11. Nd3 Bd6 12. O-O Rb8 13. Re1 Qc7 14. Qb3 h6 15.
a4 b6 16. Ne4 Nxe4 17. Rxe4 Nf6 18. Rc4 Qe7 19. Nb4 Bb7 20. Nc6 Bxc6 21. Rxc6
Bc5 22. Be3 Bxe3 23. Qxe3 Qb4 24. Qc3 Qxc3 25. Rxc3 a5 26. Bf1 Rfd8 27. Be2 Kf8
28. Kf1 Ne4 29. Rd3 Ke7 30. Ke1 g5 31. Rad1 Rxd3 32. Bxd3 Nd6 33. c3 f5 34. Kd2
e5 35. Kc2 e4 36. Bf1 Rc8 37. Rd4 Ke6 38. Be2 g4 39. Kd2 h5 40. Bd1 Ke5 41. Bb3
Rc5 42. Ba2 b5 43. axb5 Rxb5 44. Kc1 Rc5 45. Kd2 Rb5 46. Kc1 Rc5 47. Kd2 Rb5 1/2-1/2

[Event "57th World Juniors 2018"]
[Site "Manavgat TUR"]
[Date "2018.09.08"]
[Round "5.4"]
[White "Christiansen, Johan-Sebastian"]
[Black "Puranik, Abhimanyu"]
[Result "1-0"]
[WhiteTitle "IM"]
[BlackTitle "GM"]
[WhiteElo "2525"]
[BlackElo "2524"]
[WhiteFideId "1512668"]
[BlackFideId "5061245"]
[EventDate "2018.09.05"]

1. Nf3 Nf6 2. c4 g6 3. d4 Bg7 4. g3 d5 5. cxd5 Nxd5 6. Bg2 Nb6 7. O-O Nc6 8. e3
O-O 9. Nc3 Re8 10. a3 a5 11. d5 Ne5 12. Nxe5 Bxe5 13. Qc2 Bd7 14. Rb1 Qc8 15. f4
Bg7 16. e4 e6 17. dxe6 Bxe6 18. Be3 Nc4 19. Bf2 c6 20. a4 Bh3 21. Bxh3 Qxh3 22.
e5 Rad8 23. Rbd1 Qf5 24. Qe2 Qe6 25. b3 Nxe5 26. fxe5 Qxb3 27. Rxd8 Rxd8 28. Ne4
Bxe5 29. Nc5 Qd5 30. Nxb7 Rb8 31. Rd1 Qe6 32. Nxa5 c5 33. Nc4 Bxg3 34. Qxe6
Bxf2+ 35. Kxf2 fxe6 36. a5 Rb4 37. Rd8+ Kg7 38. a6 1-0

[Event "57th World Juniors 2018"]
[Site "Manavgat TUR"]
[Date "2018.09.08"]
[Round "5.5"]
[White "Karthikeyan, Murali"]
[Black "Sadikhov, Ulvi"]
[Result "1/2-1/2"]
[WhiteTitle "GM"]
[BlackTitle "IM"]
[WhiteElo "2605"]
[BlackElo "2491"]
[WhiteFideId "5074452"]
[BlackFideId "13401416"]
[EventDate "2018.09.05"]

1. Nf3 Nf6 2. g3 g6 3. Bg2 Bg7 4. O-O O-O 5. d4 d6 6. c4 Nbd7 7. Nc3 e5 8. e4 a6
9. Re1 exd4 10. Nxd4 Ne5 11. b3 c5 12. Nc2 Rb8 13. h3 Nc6 14. Bf4 Nh5 15. Bd2 b5
16. Nd5 bxc4 17. bxc4 Ne5 18. g4 Nf6 19. Bg5 h6 20. Nxf6+ Bxf6 21. Bxh6 Re8 22.
Ne3 Be6 23. Bf4 Rb2 24. Rc1 Rxa2 25. Re2 Rxe2 26. Qxe2 Bg5 27. Bg3 Qf6 28. Rd1
Bf4 29. Rxd6 Bxg3 30. fxg3 Rb8 31. Nd5 Qg5 32. Qf1 Bxd5 33. Rxd5 Qe3+ 34. Kh2
Rb3 35. Qf4 Nxc4 36. Qc7 Rb2 37. Rd8+ Kg7 38. Qe7 Rxg2+ 39. Kxg2 Qe2+ 1/2-1/2

[Event "57th World Juniors 2018"]
[Site "Manavgat TUR"]
[Date "2018.09.08"]
[Round "5.6"]
[White "Karthik, Venkataraman"]
[Black "Martirosyan, Haik M."]
[Result "1-0"]
[WhiteTitle "IM"]
[BlackTitle "GM"]
[WhiteElo "2519"]
[BlackElo "2597"]
[WhiteFideId "25006479"]
[BlackFideId "13306553"]
[EventDate "2018.09.05"]

1. e4 e5 2. Nf3 Nc6 3. Bc4 Bc5 4. d3 Nf6 5. O-O h6 6. c3 d6 7. a4 a6 8. Nbd2 O-O
9. Re1 Ba7 10. h3 Ne7 11. Nf1 Ng6 12. Ng3 a5 13. d4 exd4 14. Nxd4 c6 15. Ndf5 d5
16. exd5 Nxd5 17. Bxd5 cxd5 18. Be3 Bxf5 19. Nxf5 Bxe3 20. Rxe3 Qg5 21. Qg4 Qxg4
22. hxg4 Rfd8 23. Rd1 Rd7 24. f3 Rad8 25. Red3 Kf8 26. Ne3 Ne7 27. Nc4 b6 28.
Nxb6 Rb7 29. Nxd5 Rxb2 30. Ne3 Rxd3 31. Rxd3 g6 32. Rd8+ Kg7 33. Rd7 Kf8 34. Ra7
Re2 35. Nc4 Rc2 36. Rxa5 Rxc3 37. Ra8+ Kg7 38. Nd6 Rd3 39. Ne8+ Kf8 40. Nc7+ Kg7
41. a5 Nc6 42. a6 Ra3 43. Rc8 Nb4 44. Rb8 Nxa6 45. Ra8 Nxc7 46. Rxa3 Ne6 47. Kf2
Nf8 48. Ra5 Nh7 49. Ke3 Kf6 50. Ra6+ Kg7 51. Kf4 Nf8 52. Rd6 g5+ 53. Kf5 Nh7 54.
Ke5 Nf8 55. g3 Ng6+ 56. Ke4 Ne7 57. Ra6 Ng8 58. Ke5 Ne7 59. Kd6 Ng8 60. Ke5 Ne7
61. f4 Ng6+ 62. Ke4 Nf8 63. Kf5 gxf4 64. gxf4 Ng6 65. Ke4 Nf8 66. Kf3 Nd7 67.
Kg3 Nf6 68. Kf3 Kg6 69. Ra1 Nd7 70. Rg1 Kg7 71. Ke4 Kg6 72. Kd5 Nf8 73. Ke5 Kg7
74. Ke4 Nd7 75. Kf5 Nf8 76. g5 hxg5 77. Rxg5+ Kh6 78. Rg4 Nd7 79. Rg1 Kh7 80.
Rd1 1-0

[Event "57th World Juniors 2018"]
[Site "Manavgat TUR"]
[Date "2018.09.08"]
[Round "5.7"]
[White "Esipenko, Andrey"]
[Black "Tang, Andrew"]
[Result "1-0"]
[WhiteTitle "GM"]
[BlackTitle "GM"]
[WhiteElo "2593"]
[BlackElo "2489"]
[WhiteFideId "24175439"]
[BlackFideId "2059630"]
[EventDate "2018.09.05"]

1. d4 d5 2. c4 e6 3. Nc3 Be7 4. cxd5 exd5 5. Bf4 c6 6. Qc2 Nf6 7. h3 Ne4 8. e3
Qa5 9. a3 Bf5 10. Bd3 Na6 11. Ra2 Nxc3 12. bxc3 Bxd3 13. Qxd3 O-O 14. Ne2 c5 15.
O-O Rac8 16. Rb1 b6 17. a4 Nc7 18. Bxc7 Rxc7 19. Rb5 Qa6 20. a5 bxa5 21. Raxa5
Qc8 22. Rb1 Rd8 23. Qa6 Qf5 24. Rb7 Bd6 25. Rab5 Rcc8 26. Rb2 cxd4 27. cxd4 Bb8
28. Qa2 Qf6 29. Qb1 Qd6 30. g3 a5 31. R2b6 Qf8 32. Ra6 Bc7 33. Qb5 g6 34. Raa7
Rb8 35. Qc6 Rxb7 36. Qxb7 Rd7 37. Rxa5 1-0

[Event "57th World Juniors 2018"]
[Site "Manavgat TUR"]
[Date "2018.09.08"]
[Round "5.8"]
[White "Jarmula, Lukasz"]
[Black "Petrosyan, Manuel"]
[Result "1/2-1/2"]
[WhiteTitle "IM"]
[BlackTitle "GM"]
[WhiteElo "2504"]
[BlackElo "2581"]
[WhiteFideId "1160664"]
[BlackFideId "13300857"]
[EventDate "2018.09.05"]

1. d4 Nf6 2. c4 e6 3. Nf3 b6 4. g3 Bb7 5. Bg2 Bb4+ 6. Bd2 Be7 7. Nc3 c6 8. e4 d5
9. exd5 cxd5 10. Ne5 O-O 11. O-O Nc6 12. cxd5 Nxe5 13. d6 Nc6 14. dxe7 Qxe7 15.
Bg5 h6 16. d5 Na5 17. Bxf6 Qxf6 18. dxe6 Qxe6 19. Re1 Qf6 20. Nd5 Bxd5 21. Bxd5
Rad8 22. Qf3 Qxb2 23. Rad1 Qf6 24. Qxf6 gxf6 25. Re7 Kg7 26. Kg2 a6 27. Bxf7 Nc6
28. Rxd8 Nxe7 29. Be8 b5 30. f4 Kg8 31. Kf3 a5 32. Ke4 a4 33. Ra8 b4 34. Kd3 b3
35. a3 f5 36. Kd2 Kg7 37. Kc1 Kg8 38. Kb2 1/2-1/2

[Event "57th World Juniors 2018"]
[Site "Manavgat TUR"]
[Date "2018.09.08"]
[Round "5.9"]
[White "Aravindh, Chithambaram VR."]
[Black "Kevlishvili, Robby"]
[Result "1-0"]
[WhiteTitle "GM"]
[BlackTitle "IM"]
[WhiteElo "2578"]
[BlackElo "2485"]
[WhiteFideId "5072786"]
[BlackFideId "1040634"]
[EventDate "2018.09.05"]

1. Nf3 d5 2. g3 g6 3. Bg2 Bg7 4. d4 Nf6 5. O-O Nbd7 6. c4 dxc4 7. Nbd2 Nb6 8. e4
c6 9. Qc2 O-O 10. a4 a5 11. b3 cxb3 12. Nxb3 Nbd7 13. Re1 Ne8 14. Bf4 Nc7 15.
Bd2 e5 16. Bg5 Qe8 17. d5 Nb8 18. d6 Ne6 19. Be7 Nd7 20. Qc3 f6 21. Bh3 Qf7 22.
Bxf8 Bxf8 23. Red1 c5 24. Bxe6 Qxe6 25. Nxc5 Nxc5 26. Qxc5 Bd7 27. Qc7 Ra6 28.
Rab1 Rxd6 29. Rxd6 Bxd6 30. Qd8+ Bf8 31. Rxb7 Bc6 32. Rb6 Qe8 33. Qxe8 Bxe8 34.
Rxf6 Bxa4 35. Ra6 Bd1 36. Nxe5 a4 37. Nd7 Be7 38. Nb6 a3 39. Nc4 Be2 40. Ra8+ 1-0

[Event "57th World Juniors 2018"]
[Site "Manavgat TUR"]
[Date "2018.09.08"]
[Round "5.10"]
[White "Bellahcene, Bilel"]
[Black "Tabatabaei, M.amin"]
[Result "0-1"]
[WhiteTitle "GM"]
[BlackTitle "GM"]
[WhiteElo "2501"]
[BlackElo "2576"]
[WhiteFideId "696358"]
[BlackFideId "12521213"]
[EventDate "2018.09.05"]

1. e4 c5 2. Nf3 Nc6 3. d4 cxd4 4. Nxd4 Nf6 5. Nc3 e5 6. Ndb5 d6 7. Bg5 a6 8. Na3
b5 9. Bxf6 gxf6 10. Nd5 f5 11. c3 Bg7 12. exf5 Bxf5 13. Nc2 O-O 14. Nce3 Be6 15.
g4 Ne7 16. Bg2 Rc8 17. O-O h5 18. Nxe7+ Qxe7 19. Nf5 Qf6 20. f4 hxg4 21. fxe5
Qg5 22. Nxg7 Kxg7 23. exd6 Qc5+ 24. Qd4+ Qxd4+ 25. cxd4 Rcd8 26. d5 Bc8 27. Kf2
Rxd6 28. Kg3 f5 29. Rad1 Rh8 30. Rf2 Kg6 31. Re1 Kf6 32. Rfe2 Kg5 33. Re5 Rdh6
34. Rc1 Rxh2 35. d6 Bb7 0-1

[Event "57th World Juniors 2018"]
[Site "Manavgat TUR"]
[Date "2018.09.08"]
[Round "5.11"]
[White "Liang, Awonder"]
[Black "Sargsyan, Shant"]
[Result "1/2-1/2"]
[WhiteTitle "GM"]
[BlackTitle "IM"]
[WhiteElo "2575"]
[BlackElo "2477"]
[WhiteFideId "2056437"]
[BlackFideId "13306766"]
[EventDate "2018.09.05"]

1. c4 e5 2. Nc3 Nf6 3. Nf3 Nc6 4. e3 Bb4 5. Qc2 Bxc3 6. Qxc3 Qe7 7. b3 d5 8. d4
exd4 9. Nxd4 Nxd4 10. Qxd4 c5 11. Qf4 O-O 12. Bb2 Be6 13. Be2 Rfd8 14. Qe5 Qf8
15. O-O dxc4 16. bxc4 Rd2 17. Rfe1 Rad8 18. Bc3 Rc2 19. Bd1 Ng4 20. Bxg4 Bxg4
21. Ba5 Re8 22. Qd5 Be6 23. Qxb7 Rxc4 24. Red1 Ra4 25. Qxa7 Ra8 26. Qxa8 Qxa8
27. Rd8+ Qxd8 28. Bxd8 Rxa2 29. Rxa2 Bxa2 30. f3 Be6 1/2-1/2

[Event "57th World Juniors 2018"]
[Site "Manavgat TUR"]
[Date "2018.09.08"]
[Round "5.12"]
[White "Lorparizangeneh, Shahin"]
[Black "Bai, Jinshi"]
[Result "1/2-1/2"]
[WhiteTitle "GM"]
[BlackTitle "GM"]
[WhiteElo "2491"]
[BlackElo "2556"]
[WhiteFideId "12521604"]
[BlackFideId "8602280"]
[EventDate "2018.09.05"]

1. d4 d5 2. c4 c6 3. Nf3 Nf6 4. e3 g6 5. Nc3 Bg7 6. Be2 O-O 7. O-O a6 8. a4 a5
9. cxd5 cxd5 10. Qb3 Nc6 11. Bd2 Qd6 12. Rfc1 Bd7 13. Nb5 Qb8 14. Bc3 Rc8 15. h3
b6 16. Ne5 Nxe5 17. dxe5 Ne4 18. f4 Bxb5 19. Bxb5 Nxc3 20. Rxc3 e6 21. Rac1 Rxc3
22. Qxc3 Bf8 23. Qc7 Bc5 24. Qxb8+ Rxb8 25. Kf2 Kg7 26. Kf3 h5 27. h4 Ra8 28.
Rd1 Be7 29. g3 Rc8 30. e4 dxe4+ 31. Kxe4 Rc2 32. b3 Bc5 33. Rd3 f5+ 34. exf6+
Kxf6 35. Bc4 Re2+ 36. Kf3 1/2-1/2

[Event "57th World Juniors 2018"]
[Site "Manavgat TUR"]
[Date "2018.09.08"]
[Round "5.13"]
[White "Hakobyan, Aram"]
[Black "Makhnev, Denis"]
[Result "1-0"]
[WhiteTitle "GM"]
[BlackTitle "IM"]
[WhiteElo "2554"]
[BlackElo "2449"]
[WhiteFideId "13306677"]
[BlackFideId "13707647"]
[EventDate "2018.09.05"]

1. e4 e5 2. Nf3 Nc6 3. Bb5 Nf6 4. O-O Nxe4 5. Re1 Nd6 6. Nxe5 Nxe5 7. Rxe5+ Be7
8. Bf1 O-O 9. d4 Ne8 10. d5 d6 11. Re1 Bg5 12. Nc3 Bxc1 13. Rxc1 Nf6 14. Qd4 Re8
15. Bd3 Bd7 16. h3 a6 17. Qb4 Rb8 18. a4 h6 19. a5 Qc8 20. Qc4 Bf5 21. Rxe8+
Nxe8 22. Bf1 h5 23. Nd1 Qd8 24. Ne3 Bd7 25. Qb4 b6 26. b3 Bb5 27. axb6 Rxb6 28.
Qd4 Nf6 29. Ra1 Qe8 30. Bxb5 Qxb5 31. Qd2 Ne4 32. Qe1 Rb8 33. Ra4 Re8 34. Rc4
Qb6 35. Rc6 Qa7 36. Qe2 a5 37. Rc4 g6 38. Qd3 Nc5 39. Qc3 Re4 40. g4 Re5 41.
gxh5 gxh5 42. Kf1 Qa6 43. Ke1 Qb5 44. Kd1 Ne4 45. Qe1 Qd7 46. f4 Re8 47. f5 Qe7
48. Kc1 Qe5 49. Qxa5 Qg3 50. Nd1 Qf4+ 51. Kb2 Qxf5 52. Rxc7 Qxh3 53. Qa4 Re5 54.
Qa8+ Kg7 55. Rc8 Qf3 56. Rg8+ Kf6 57. Qd8+ Kf5 58. Rg1 Nf6 59. Qc8+ Kf4 60. Qc4+
Qe4 61. Qf1+ Qf3 62. Qa6 Qxd5 63. Nc3 Qe6 64. Qf1+ Ke3 65. Qd3+ Kf4 66. Qg3+ Kf5
67. Rf1# 1-0

[Event "57th World Juniors 2018"]
[Site "Manavgat TUR"]
[Date "2018.09.08"]
[Round "5.15"]
[White "Kollars, Dmitrij"]
[Black "Zou, Chen"]
[Result "1-0"]
[WhiteTitle "GM"]
[BlackTitle "FM"]
[WhiteElo "2536"]
[BlackElo "2365"]
[WhiteFideId "12909572"]
[BlackFideId "8610959"]
[EventDate "2018.09.05"]

1. e4 c5 2. Nf3 d6 3. Nc3 Nf6 4. e5 dxe5 5. Nxe5 e6 6. Bb5+ Nbd7 7. d4 cxd4 8.
Qxd4 Be7 9. O-O O-O 10. Bf4 Nxe5 11. Qxe5 Bd7 12. Rad1 Qc8 13. Bd3 Rd8 14. Be3
Bc6 15. Qg3 b6 16. Ne2 Qb7 17. Bd4 Be4 18. c3 Bxd3 19. Rxd3 Qa6 20. Nf4 g6 21.
Rfd1 Qxa2 22. h4 Qa5 23. Re1 Nh5 24. Nxh5 Qxh5 25. Rf3 Bd6 26. Qh3 e5 27. g4 Qh6
28. Be3 Qf8 29. Bg5 Be7 30. Rxe5 Rd1+ 31. Kg2 Bd6 32. Re2 h6 33. Bf6 Re8 34.
Rfe3 Rb8 35. Qf3 Bc5 36. Re4 Rb1 37. Qd3 Ra1 38. Qd7 Kh7 39. Re8 1-0

[Event "57th World Juniors 2018"]
[Site "Manavgat TUR"]
[Date "2018.09.08"]
[Round "5.16"]
[White "Santos Ruiz, Miguel"]
[Black "Gavrilescu, David"]
[Result "1-0"]
[WhiteTitle "GM"]
[BlackTitle "FM"]
[WhiteElo "2524"]
[BlackElo "2470"]
[WhiteFideId "22291482"]
[BlackFideId "1227190"]
[EventDate "2018.09.05"]

1. c4 e6 2. Nc3 d5 3. d4 Bb4 4. cxd5 exd5 5. Bf4 c6 6. e3 Ne7 7. h4 O-O 8. a3
Bd6 9. Qf3 Bxf4 10. Qxf4 Qd7 11. Bd3 Qg4 12. Qh2 Qe6 13. Nf3 Qf6 14. O-O-O Bf5
15. Qc7 Nd7 16. Qxb7 Rfb8 17. Qc7 Rb3 18. Ne5 Nxe5 19. dxe5 Qg6 20. h5 Qxg2 21.
Bxf5 Nxf5 22. Qxc6 Rd8 23. Nxd5 Kh8 24. Nc3 Qg5 25. Rxd8+ Qxd8 26. Rd1 Qb8 27.
Qd7 g6 28. Qxf7 1-0

[Event "57th World Juniors 2018"]
[Site "Manavgat TUR"]
[Date "2018.09.08"]
[Round "5.17"]
[White "Yakubboev, Nodirbek"]
[Black "Batsuren, Dambasuren"]
[Result "0-1"]
[WhiteTitle "IM"]
[BlackTitle "IM"]
[WhiteElo "2521"]
[BlackElo "2446"]
[WhiteFideId "14203987"]
[BlackFideId "4902920"]
[EventDate "2018.09.05"]

1. d4 Nf6 2. c4 e6 3. g3 d5 4. Bg2 Be7 5. Nf3 O-O 6. O-O dxc4 7. Qc2 a6 8. a4
Bd7 9. Qxc4 Bc6 10. Nc3 b5 11. Qd3 b4 12. Nb1 Be4 13. Qd1 c5 14. dxc5 Nbd7 15.
Nbd2 Bd5 16. Nb3 Nxc5 17. Nxc5 Bxc5 18. Ne5 Bxg2 19. Kxg2 h6 20. f3 Rc8 21. Nd3
a5 22. e4 Bd4 23. Bf4 Qe7 24. Qe2 e5 25. Be3 Bxe3 26. Qxe3 Rc2+ 27. Rf2 Rfc8 28.
Rd1 Qd7 29. Rdd2 Rxd2 30. Rxd2 Qxa4 31. Nxe5 Qb5 32. Nd3 a4 33. Qd4 b3 34. Kf2
Qa5 35. Ke2 Qb5 36. Qb4 Qa6 37. Ke3 Kh7 38. Qd4 Rc4 39. Qd8 Qa7+ 40. Ke2 Qg1 41.
Nf2 Rc1 42. Rd1 Rc2+ 43. Rd2 a3 0-1

[Event "57th World Juniors 2018"]
[Site "Manavgat TUR"]
[Date "2018.09.08"]
[Round "5.18"]
[White "Van Foreest, Jorden"]
[Black "Miciano, John Marvin"]
[Result "1-0"]
[WhiteTitle "GM"]
[BlackTitle "IM"]
[WhiteElo "2624"]
[BlackElo "2374"]
[WhiteFideId "1039784"]
[BlackFideId "5211948"]
[EventDate "2018.09.05"]

1. e4 g6 2. d4 Bg7 3. Nc3 d6 4. f4 Nf6 5. Bd3 Nc6 6. Nf3 Bg4 7. Be2 Bxf3 8. Bxf3
e5 9. d5 Nd4 10. O-O O-O 11. f5 c6 12. dxc6 bxc6 13. g4 h6 14. Bg2 Rb8 15. Kh1
Qa5 16. h4 g5 17. hxg5 hxg5 18. Bxg5 Rxb2 19. Bd2 Rxc2 20. g5 Nh5 21. Qxh5 Rxd2
22. f6 Ne6 23. Bh3 Nf4 24. Rxf4 Qxc3 25. fxg7 Qxa1+ 26. Rf1 Qxf1+ 27. Bxf1 Kxg7
28. Qh6+ Kg8 29. g6 fxg6 30. Qxg6+ Kh8 31. Qh6+ Kg8 32. Bc4+ d5 33. Qxd2 dxc4
34. Qg5+ 1-0

[Event "57th World Juniors 2018"]
[Site "Manavgat TUR"]
[Date "2018.09.08"]
[Round "5.19"]
[White "Agmanov, Zhandos"]
[Black "Xu, Xiangyu"]
[Result "1-0"]
[WhiteTitle "FM"]
[BlackTitle "GM"]
[WhiteElo "2379"]
[BlackElo "2586"]
[WhiteFideId "13708309"]
[BlackFideId "8608288"]
[EventDate "2018.09.05"]

1. e4 c5 2. Nf3 d6 3. d4 cxd4 4. Nxd4 Nf6 5. Nc3 Bd7 6. Bg5 e6 7. Ndb5 Bc6 8.
Bxf6 gxf6 9. Qh5 a6 10. Nd4 Bd7 11. O-O-O Nc6 12. Nb3 Qb6 13. Rd2 O-O-O 14. Kb1
Be8 15. g3 Kb8 16. f4 Bg7 17. a3 f5 18. exf5 Na5 19. fxe6 Bxc3 20. bxc3 Bc6 21.
Qxa5 Qxa5 22. Nxa5 Bxh1 23. exf7 Rhf8 24. Bh3 Rxf7 25. Be6 Rg7 26. Nb3 Bc6 27.
Nd4 Bd7 28. f5 Kc8 29. Rf2 Rf8 30. Rf4 Re7 31. Bc4 h6 32. Bd3 Kd8 33. Kb2 Re3
34. g4 Rh3 35. Rf2 Ke7 36. Ne2 Rh4 37. h3 Kf6 38. Nf4 Re8 39. Bf1 Re1 40. Ng6
Rxf1 41. Rxf1 Rxh3 42. Rd1 Ba4 43. Rxd6+ Kg5 44. Ne5 Kf4 45. Nd3+ Ke3 46. f6 Rf3
47. Re6+ Kd2 48. Ne5 Rf2 49. f7 Bxc2 50. f8=Q Rxf8 51. Rd6+ 1-0

[Event "57th World Juniors 2018"]
[Site "Manavgat TUR"]
[Date "2018.09.08"]
[Round "5.21"]
[White "Can, Isik"]
[Black "Pichot, Alan"]
[Result "0-1"]
[WhiteTitle "FM"]
[BlackTitle "GM"]
[WhiteElo "2361"]
[BlackElo "2562"]
[WhiteFideId "6383742"]
[BlackFideId "110973"]
[EventDate "2018.09.05"]

1. e4 c5 2. Nf3 d6 3. d4 cxd4 4. Nxd4 Nf6 5. Nc3 a6 6. Bg5 e6 7. f4 h6 8. Bh4
Qb6 9. a3 Be7 10. Bf2 Qc7 11. Qf3 Nbd7 12. O-O-O b5 13. g4 Bb7 14. Bg2 g5 15. f5
e5 16. Nb3 Rc8 17. Qe2 h5 18. h3 Bc6 19. Be3 a5 20. Bxg5 b4 21. axb4 axb4 22.
Bxf6 Bxf6 23. Nd5 Bxd5 24. Rxd5 Nb6 25. Rd3 Nc4 26. h4 Qa7 27. c3 Qa2 28. Qc2
hxg4 29. Nd2 Rxh4 30. Rxh4 Bxh4 31. Nxc4 Rxc4 32. Rxd6 bxc3 33. b4 Qa1+ 34. Qb1
Qxb1+ 0-1

[Event "57th World Juniors 2018"]
[Site "Manavgat TUR"]
[Date "2018.09.08"]
[Round "5.22"]
[White "Baenziger, Fabian"]
[Black "Lobanov, Sergei"]
[Result "0-1"]
[WhiteTitle "IM"]
[BlackTitle "IM"]
[WhiteElo "2360"]
[BlackElo "2535"]
[WhiteFideId "1330110"]
[BlackFideId "24183750"]
[EventDate "2018.09.05"]

1. c4 c5 2. Nf3 Nc6 3. Nc3 e5 4. e3 Nf6 5. d4 e4 6. Ne5 h5 7. Be2 Bd6 8. f4 cxd4
9. exd4 Bb8 10. O-O Ne7 11. c5 Nf5 12. Bc4 d5 13. cxd6 O-O 14. Nxe4 Nxe4 15.
Qxh5 Nexd6 16. Ng6 Nh6 17. f5 Nxc4 18. Nxf8 Qxd4+ 19. Kh1 Qg4 20. Qg5 Qxg5 21.
Bxg5 Kxf8 22. Rfd1 Nd6 23. Rac1 Bxf5 0-1

[Event "57th World Juniors 2018"]
[Site "Manavgat TUR"]
[Date "2018.09.08"]
[Round "5.23"]
[White "Schitco, Ivan"]
[Black "Thybo, Jesper Sondergaard"]
[Result "0-1"]
[WhiteTitle "FM"]
[BlackTitle "IM"]
[WhiteElo "2358"]
[BlackElo "2499"]
[WhiteFideId "13905465"]
[BlackFideId "1438832"]
[EventDate "2018.09.05"]

1. d4 Nf6 2. c4 e6 3. g3 c5 4. d5 exd5 5. cxd5 d6 6. Nc3 g6 7. Bg2 Bg7 8. Nf3
O-O 9. O-O Re8 10. Bf4 Bf5 11. Qb3 Na6 12. Nh4 Bc8 13. e4 h6 14. Bd2 b5 15. Rfe1
Rb8 16. Nxb5 Nc7 17. Ba5 Rxb5 18. Bxc7 Rxb3 19. Bxd8 Rxb2 20. Bc7 Rb7 21. Bxd6
Nxe4 22. Rxe4 Rxe4 23. Bxe4 Bxa1 24. Bxc5 Rc7 25. Be3 Rd7 26. Ng2 Bb7 27. Bxa7
Bxd5 28. Bxd5 Rxd5 29. Nf4 Rd1+ 30. Kg2 Bd4 31. Bb8 Rd2 32. Nh3 Rxa2 33. g4 Kg7
34. Bg3 Kf6 35. Bd6 g5 36. Bc7 Ke6 37. Bg3 Be5 38. Ng1 Bxg3 39. Kxg3 Ke5 40. Kf3
Ra3+ 41. Kg2 Kf4 42. h3 Ra2 43. Kf1 Ra8 44. Ne2+ Kf3 45. Nd4+ Ke4 46. Ne2 Kd3
47. Ng3 Kd2 48. Ne4+ Kd1 49. Nd6 Ra7 50. Nf5 Ra6 51. Ng3 Rc6 52. Ne4 Rc1 53. Nd6
Kd2+ 54. Kg2 Rc7 55. Kf1 Kd3 56. Nf5 Rc6 57. Kg2 Kd2 58. Kf1 Ra6 59. Nd4 Ra3 60.
Kg2 Ra4 61. Nf5 Ke2 62. f3 Rf4 63. Ng3+ Ke3 64. Nf1+ Kd4 65. Kf2 Kd3 66. Ne3 Ra4
67. Nf5 Ra2+ 68. Kg3 Ke2 69. h4 Ra3 70. Nd4+ Kf1 71. Nf5 Ra6 72. Nd4 Ra2 73. Nf5
Rg2+ 74. Kh3 Kf2 75. Nxh6 Rg3+ 76. Kh2 gxh4 77. Nf5 Kxf3 0-1

[Event "57th World Juniors 2018"]
[Site "Manavgat TUR"]
[Date "2018.09.08"]
[Round "5.24"]
[White "Priasmoro, Novendra"]
[Black "Arcuti, Davide"]
[Result "1-0"]
[WhiteTitle "FM"]
[BlackTitle "FM"]
[WhiteElo "2498"]
[BlackElo "2356"]
[WhiteFideId "7105029"]
[BlackFideId "1323725"]
[EventDate "2018.09.05"]

1. e4 e5 2. Nf3 Nc6 3. Bb5 a6 4. Ba4 Nf6 5. O-O Be7 6. Bxc6 dxc6 7. d3 Nd7 8.
Nbd2 O-O 9. Nc4 f6 10. Be3 Nc5 11. h3 Ne6 12. Qe2 a5 13. a4 b6 14. Rad1 Qe8 15.
Nh4 Bc5 16. b3 g6 17. Qd2 Qe7 18. Kh1 Rf7 19. Rg1 Ba6 20. g4 Rd8 21. Rg3 Bxc4
22. bxc4 Bxe3 23. Qxe3 Qb4 24. g5 Nxg5 25. f4 exf4 26. Qxf4 Qd6 27. Qxd6 Rxd6
28. Rf1 Kf8 29. Ng2 Rdd7 30. Ne3 Ne6 31. Ng4 Kg7 32. Rgf3 Ng5 33. Rxf6 Rxf6 34.
Nxf6 Re7 35. h4 Ne6 36. h5 h6 37. hxg6 Kxg6 38. Ng4 Nc5 39. Kg2 Nxa4 40. Rf6+
Kg5 41. Kg3 c5 42. Rf8 Kg6 43. Ne3 c6 44. Nf5 Ra7 45. Rh8 Nc3 46. Kg4 h5+ 47.
Rxh5 Rh7 48. Nh4+ Kg7 49. Re5 Kf6 50. Re8 Ra7 51. Nf5 a4 52. e5+ Kg6 53. e6 a3
54. e7 Rxe7 55. Rxe7 a2 56. Ra7 b5 57. Ra3 b4 58. Ra6 1-0

[Event "57th World Juniors 2018"]
[Site "Manavgat TUR"]
[Date "2018.09.08"]
[Round "5.25"]
[White "Kalogeris, Ioannis"]
[Black "Asadli, Vugar"]
[Result "1-0"]
[BlackTitle "IM"]
[WhiteElo "2352"]
[BlackElo "2492"]
[WhiteFideId "4239563"]
[BlackFideId "13405764"]
[EventDate "2018.09.05"]

1. d4 g6 2. e4 Bg7 3. g3 d6 4. Bg2 c5 5. dxc5 Qa5+ 6. c3 Qxc5 7. Ne2 Nf6 8. O-O
O-O 9. a4 Qc7 10. Na3 a6 11. h3 Nbd7 12. Be3 Nc5 13. Qc2 Bd7 14. b3 Bc6 15. f3
b6 16. Nc4 Rab8 17. a5 b5 18. Nb6 Ncd7 19. c4 b4 20. Rac1 Nc5 21. Nd4 Nfd7 22.
Nxc6 Qxc6 23. Nd5 Rfe8 24. Bg5 Kf8 25. Bd2 Ne6 26. Kh2 Qc5 27. Qa2 Rb7 28. Qa4
Bb2 29. Bxb4 Rxb4 30. Nxb4 Bxc1 31. Rxc1 Qe3 32. Qa1 Kg8 33. Qc3 Qa7 34. Nd5 Nd4
35. Rd1 Nc6 36. b4 e6 37. Ne3 Nxb4 38. Rxd6 Rb8 39. Ng4 Na2 40. Rxd7 Qxd7 1-0

[Event "57th World Juniors 2018"]
[Site "Manavgat TUR"]
[Date "2018.09.08"]
[Round "5.26"]
[White "Galperin, Platon"]
[Black "Tutisani, Noe"]
[Result "0-1"]
[BlackTitle "IM"]
[WhiteElo "2348"]
[BlackElo "2471"]
[WhiteFideId "14165414"]
[BlackFideId "13602853"]
[EventDate "2018.09.05"]

1. Nf3 Nf6 2. g3 g6 3. b3 Bg7 4. Bb2 d6 5. d4 O-O 6. Bg2 Nbd7 7. O-O c6 8. c4
Re8 9. Re1 Qc7 10. d5 cxd5 11. cxd5 Qc5 12. Nc3 Nb6 13. e4 Ng4 14. Re2 Bd7 15.
Rc2 Rac8 16. Rac1 Bh6 17. Rb1 f5 18. b4 Qxb4 19. h3 Nxf2 20. Kxf2 fxe4 21. Bc1
e3+ 22. Kg1 Qa5 23. Nd4 Rxc3 24. Nb3 Qb4 25. Rxc3 Qxc3 26. Bb2 Qc4 0-1